Reconnais ces joueurs de Ligue 1 (Niveau intermédiaire) - Statistiques

Statistiques générales
  • Ce quiz a été pris 34 fois
  • Le résultat moyen est 15 sur 16
Statistiques - réponses
Par images Réponse % Correct
dante
100%
florian thauvin
100%
jonathan david
100%
matteo guendouzi
100%
seko fofana
100%
wissam ben yedder
100%
ludovic blas
96%
nicolas pallois
96%
pacho
96%
teji savanier
96%
lucas moura
93%
yoann gourcuff
93%
andre ayew
89%
wahbi khazri
89%
gaetan laborde
82%
moses simon
75%
Aucun quiz correspondant
Distribution des résultats
% des personnes avec chaque résultat
Percentile par nombre de réponses
Votre historique - résultats
Vous n’avez pas pris ce quiz